000 00285nam a22001217a 4500
008 160504b xxu||||| |||| 00| 0 eng d
020 _a9780070670440
020 _a0070670447
041 _aeng
080 _a61
245 _aHuman development:
_cJames W.Vander Zanden;
942 _2udc
_cBK
999 _c1763
_d1763